000 00464nam a2200193Ia 4500
008 210210b2011 xxu||||| |||| 00| 0 eng d
020 _a8121938538
041 _aeng
082 _a519.5 ASTE
100 _aASTHANA (B N)
245 _aElements of statistics
260 _aNew Delhi
_bS. Chand & Co. Ltd.
_c2011
300 _aviii,525
650 _astatistics
650 _aof
650 _aElements
690 _aMathematical Statistics
906 _a067094
999 _c149349
_d149349